| 000 | 00738nam a22002057a 4500 | ||
|---|---|---|---|
| 999 |
_c7593 _d7593 |
||
| 003 | AR-CdUCM | ||
| 008 | 190320b ||||| |||| 00| 0 spa d | ||
| 040 |
_aMUNICIPALIDAD PROVINCIAL DEL CUSCO _cBIBLIOTECA MUNICIPAL DEL CUSCO |
||
| 041 | _heng | ||
| 082 |
_a514.07 / _bS47 |
||
| 100 |
_aShively, Levi S. _921441 |
||
| 245 | _aIntroducción a la geometría moderna / | ||
| 260 |
_aMéxico, D. F : _bContinental, _c1961. |
||
| 300 |
_a172 páginas ; _c23 cm. |
||
| 500 | _aTitulo original: An introduction to modern geometry. | ||
| 505 | _aSegmentos de lineas dirigidos -- Semejanza -- Teoremas de ceva y menelao -- Puntos y lineas armónicos -- El triangulo ... | ||
| 650 |
_aGeometría _918656 |
||
| 942 |
_2ddc _cLIBROS |
||
| 945 | _aacv | ||